Current Challenges of Tax Policy in the Selected European Countries (Ukraine, Hungary, The Czech Republic, Slovakia)

Vplyv daňovej politiky na kooperáciu spomenutých krajín. Analýza výstupov vzájomnej spolupráce Slovenska s krajinami v zahranično-obchodnej politike.

Gespeichert in:
Bibliographische Detailangaben
1. Verfasser: Kušnírová, Jana, 1977-
Format: Buchkapitel
Sprache:Englisch
Schlagworte:
Tags: Tag hinzufügen
Keine Tags, Fügen Sie das erste Tag hinzu!

MARC

LEADER 00000naa$a2200000$$$4500
001 0213923
005 20240502083537.0
041 0 |a eng 
044 |a PL 
245 1 0 |a Current Challenges of Tax Policy in the Selected European Countries (Ukraine, Hungary, The Czech Republic, Slovakia)  |c Jana Kušnírová 
520 |a Vplyv daňovej politiky na kooperáciu spomenutých krajín. Analýza výstupov vzájomnej spolupráce Slovenska s krajinami v zahranično-obchodnej politike. 
610 2 0 |a politika daňová 
610 2 0 |a dane korporatívne 
610 2 0 |a dane z hodnoty pridanej 
100 1 |a Kušnírová, Jana, 1977-